K-Dramas by Picture #1 - Statistics

General Stats
  • This quiz has been taken 412 times
  • The average score is 7 of 16
Answer Stats
Picture Answer % Correct
Business Proposal
77%
True Beauty
77%
Crash Landing On You
74%
Twenty-Five Twenty-One
67%
King the Land
62%
Twinkling Watermelon
54%
Doona!
52%
Extraordinary You
49%
Doom at Your Service
38%
Weightlifting Fairy Kim Bokjoo
37%
The Abyss
31%
My Roommate is a Gumiho
18%
A Time Called You
12%
See You In My 19th Life
12%
She Would Never Know
10%
Dali and Cocky Prince
8%
No matching quizzes found
Score Distribution
Percent of People with Each Score
Percentile by Number Answered
Your Score History
You have not taken this quiz